| 000 | 00705nam a2200217 a 4500 | ||
|---|---|---|---|
| 005 | 20140412111239.0 | ||
| 008 | 010629s19uu xx 00 eng d | ||
| 020 | _a0-679-92427-2 | ||
| 050 |
_aM 808.81 _bC5D48 1992 |
||
| 245 |
_aDiane Goode's Christmas magic : _bpoems and carols / _cillustrated by Diane Goode. |
||
| 260 |
_aNew York : _bRandom House, _c1992. |
||
| 300 | _a1v. (unp.) ; ill. | ||
| 520 | _aA collection of traditional and modern Christmas poems and carols. | ||
| 650 | _aChristmas-Juvenile poetry | ||
| 650 | _aCarols-Texts-Juvenile literature | ||
| 650 | _aChristmas music | ||
| 650 | _aChristmas-Poetry | ||
| 650 | _aPoetry-Collections | ||
| 650 | _aCarols | ||
| 999 |
_c102637 _d102637 |
||